| 000 | 00496nam a22001697a 4500 | ||
|---|---|---|---|
| 005 | 20231116071104.0 | ||
| 008 | 231116b |||||||| |||| 00| 0 eng d | ||
| 020 | _a0702118427 | ||
| 041 | _aEnglish | ||
| 082 | _a344.1 RIE | ||
| 100 |
_aRiekert, J _lEnglish |
||
| 245 |
_aBasic Employment Law / _cJ Riekert |
||
| 260 |
_aCape Town : _bJuta and Company Ltd, _c1987 |
||
| 300 |
_bxvii, 120 pages ; _c23 cm. |
||
| 650 |
_aLegal practice _bLaw |
||
| 942 |
_cBK _6ALISON_BN_VRIES |
||
| 999 |
_c705 _d705 |
||